Normal view
MARC view
- اعداد الدويري، زايد نواف، م.مشارك البرماوي، جميل نواف
Entry Personal Name
001 - CONTROL NUMBER
- control field: 16161
003 - CONTROL NUMBER IDENTIFIER
- control field: JO-AjAnu
005 - DATE AND TIME OF LATEST TRANSACTION
- control field: 20230606072858.0
008 - FIXED-LENGTH DATA ELEMENTS
- fixed length control field: 230606|| aca||aabn | a|a d
040 ## - CATALOGING SOURCE
- Original cataloging agency: JO-AjAnu
- Transcribing agency: JO-AjAnu
100 ## - HEADING--PERSONAL NAME
- Personal name: اعداد الدويري، زايد نواف، م.مشارك البرماوي، جميل نواف
670 ## - SOURCE DATA FOUND
- Source citation: Work cat.: (JO-AjAnu)8296: اعداد الدويري، زايد نواف، م.مشارك البرماوي، جميل نواف, author, خطاب للعقول والقلوب: قراءة في خطاب جلالة الملك عبدالله الثاني أمام الكونغرس الأمريكي وردود الفعل عليه محليا وعربيا وعالميا